LIBRARY & INFORMATION CENTRE, KCAET, TAVANUR

ONLINE PUBLIC ACCESS CATALOGUE (OPAC)

Exploring the UNIX system / (Record no. 9738)

MARC details
000 -LEADER
fixed length control field 00471cam a2200181ua 4500
041 ## - LANGUAGE CODE
Language code of text/sound track or separate title eng
082 ## - DEWEY DECIMAL CLASSIFICATION NUMBER
Classification number 005.43
Item number KOC/EX
100 ## - MAIN ENTRY--AUTHOR NAME
Personal name Kochan, Stephen G .
245 ## - TITLE STATEMENT
Title Exploring the UNIX system /
260 ## - PUBLICATION, DISTRIBUTION, ETC. (IMPRINT)
Place of publication New Delhi :
Name of publisher C B S Publishers & Distributers ,
Year of publication 1987.
300 ## - PHYSICAL DESCRIPTION
Number of Pages 371 ; .
700 1# - ADDED ENTRY--PERSONAL NAME
Personal name Wood, Patrick H .
942 ## - ADDED ENTRY ELEMENTS (KOHA)
Koha item type Books
Holdings
Withdrawn status Lost status Damaged status Home library Current library Date acquired Full call number Accession Number Koha item type
      KAUAET KAUAET 07/04/2012 005.43 18370 Books
free website counter